000 00590nam a2200217Ia 4500
005 20241129111447.0
008 241129s9999||||xx |||||||||||||| ||und||
020 _a978-93-90682-39-3
037 _aTB
040 _aCRL
_beng
_cCRL
041 _aurd
_2urd
084 _aO168,3N53,DL R2
_qCRL
100 _aGhazanfar Au.
245 0 _aDekh li duniya hum ne
_cGhazanfar Au.
260 _aDelhi, India
_bArshia Publications
_c2022
300 _a336p.
365 _aINR
_b350
650 _aUrdu Fiction
_93298
942 _cTB
_hO168,3N53,DL R2
999 _c1230577
_d1230577